U.S. States That Don't Use the Letter "R" - Statistics

General Stats
  • This quiz has been taken 44 times
  • The average score is 27 of 29
Answer Stats
Answer % Correct
Texas
100%
New Mexico
98%
Utah
98%
Idaho
95%
Maine
95%
Michigan
95%
Mississippi
95%
Washington
95%
Wyoming
95%
Alabama
93%
Alaska
93%
Kentucky
93%
Nevada
93%
Connecticut
91%
Hawaii
91%
Iowa
91%
Montana
91%
Tennessee
91%
Wisconsin
91%
Illinois
89%
Indiana
89%
Kansas
89%
Minnesota
89%
Ohio
89%
Pennsylvania
89%
South Dakota
89%
Louisiana
86%
Massachusetts
84%
Oklahoma
82%
No matching quizzes found
Score Distribution
Percent of People with Each Score
Percentile by Number Answered
Your Score History
You have not taken this quiz